[Event "IECG CP.2002.P.00047 email"]
[Site "IECG email"]
[Date "2002.10.01"]
[Round "?"]
[White "Braga, Carlos Fernando"]
[Black "Boettcher, Manfred"]
[Result "1-0"]
[WhiteElo "1256"]
[BlackElo "800"]
[PlyCount "51"]
[EventDate "2002.10.01"]
[EventType "tourn (corr)"]
[EventRounds "6"]
[EventCountry "GER"]
[SourceTitle "Corr 2008"]
[Source "ChessBase"]
[SourceDate "2008.06.24"]
[SourceVersion "1"]
[SourceVersionDate "2008.06.24"]
[SourceQuality "1"]

1. d4 Nf6 2. c4 e6 3. Nc3 Bb4 4. e3 0-0 5. Nge2 d5 6. a3 Be7 7. cxd5 exd5 8. Ng3 c5 9. dxc5 Bxc5 10. Be2 Nc6 11. 0-0 d4 12. Na4 Bd6 13. exd4 Bxg3 14. hxg3 Nxd4 15. Be3 Nxe2+ 16. Qxe2 Re8 17. Rfd1 Qc7 18. Rd4 Bd7 19. Nc3 Bc6 20. Rad1 a6 21. Qd2 h6 22. Bf4 Qb6 23. Bxh6 Ne4 24. Nxe4 Bxe4 25. Be3 Rac8 26. Rxe4 1-0

[Event "IECG CP.2002.P.00047 email"]
[Site "IECG email"]
[Date "2002.10.01"]
[Round "?"]
[White "Stadler, Pavel"]
[Black "Braga, Carlos Fernando"]
[Result "1-0"]
[WhiteElo "1722"]
[BlackElo "1256"]
[PlyCount "75"]
[EventDate "2002.10.01"]
[EventType "tourn (corr)"]
[EventRounds "6"]
[EventCountry "GER"]
[SourceTitle "Corr 2008"]
[Source "ChessBase"]
[SourceDate "2008.06.24"]
[SourceVersion "1"]
[SourceVersionDate "2008.06.24"]
[SourceQuality "1"]

1. e4 g6 2. d4 Bg7 3. Bc4 e6 4. Nc3 Ne7 5. Bg5 c6 6. Nf3 d5 7. Bd3 0-0 8. Qd2 f6 9. Bh6 Bxh6 10. Qxh6 dxe4 11. Bxe4 Na6 12. 0-0-0 Nd5 13. Nxd5 cxd5 14. Bxg6 hxg6 15. Qxg6+ Kh8 16. Nh4 Qc7 17. Qh6+ Kg8 18. Rd3 Kf7 19. Qh5+ Ke7 20. Ng6+ Ke8 21. Nxf8+ Kxf8 22. Rc3 Qf7 23. Qh8+ Ke7 24. Rxc8 Rxc8 25. Qxc8 Kd6 26. h4 e5 27. h5 Qg7 28. g3 Qh6+ 29. Kb1 exd4 30. Qxb7 Nc5 31. Qxa7 Kc6 32. a4 Ne4 33. Qxd4 f5 34. a5 Nd2+ 35. Ka2 Nc4 36. b4 Qe6 37. h6 Qe2 38. Qc5+ 1-0